000 00594nam a2200193 i 4500
001 bg
100 1 _aŻYDANOWICZ, Józef.
245 1 0 _aElektroenergetyczna automatyka zabezpieczeniowa.
_nT. 1,
_pPodstawy zabezpieczeń elektroenergetycznych /
_cJózef Żydanowicz.
250 _aWyd.2 zm.
260 _aWarszawa :
_bWNT,
_c1979.
650 9 _aElektroenergetyka
_xurządzenia
650 9 _aZabezpieczenia (elektrotechn.)
655 _aPodręczniki akademickie
040 _cBPK
041 _apol
080 _a621.31-52(075.8)
942 _cKS
008 s pl f |000 0 pol
999 _c19001
_d19001
856 _uhttp://koha.tu.koszalin.pl/cgi-bin/koha/opac-detail.pl?biblionumber=19001
_yKatalog online BPK